La crisis económica y financiera global podría ser aprevechada por Latinoamérica /
Gespeichert in:
| 1. Verfasser: | |
|---|---|
| Format: | Text |
| Tags: |
Tag hinzufügen
Keine Tags, Fügen Sie den ersten Tag hinzu!
|
MARC
| LEADER | 00000 a a2200000 04500 | ||
|---|---|---|---|
| 001 | 44015 | ||
| 003 | |||
| 040 | |||
| 100 | |a Toussaint, Eric | ||
| 245 | |a La crisis económica y financiera global podría ser aprevechada por Latinoamérica / |c EricToussaint | ||
| 773 | |g número51 (enero-marzo , 2009), páginas 21-24 | ||
| 999 | |c 33438 |d 33438 | ||
